Kaviareň Pumpkin Spice

Saved in:
Bibliographic Details
Main Author Gilmore, Laurie
Format Electronic eBook
LanguageCzech
Published Metafora SK 2024
Edition1. elektronické vydání
Subjects
Online AccessDostupné v BOOKPORT po přihlášení pomocí eduID
ISBN978-80-8090-780-8
978-80-8090-778-5
Physical Description1 online zdroj (272 stran)

Cover

LEADER 00000nam a2200000 i 4500
001 bkp100297
003 CZ-prgp
005 20240918133243.0
006 m o d
007 cr cn
008 240918s2024 xr o 000 1 cze
020 |a 978-80-8090-780-8  |c 436 Kč  |q (online ; epub) 
020 |a 978-80-8090-778-5  |c 512 Kč  |q (print) 
040 |a Grada  |b cze  |e rda 
100 1 |a Gilmore, Laurie 
245 1 0 |a Kaviareň Pumpkin Spice  |c Laurie Gilmore 
250 |a 1. elektronické vydání 
264 1 |b Metafora SK  |c 2024 
300 |a 1 online zdroj (272 stran) 
336 |a text  |b txt  |2 rdacontent 
337 |a počítač  |b c  |2 rdamedia 
338 |a online zdroj  |b cr  |2 rdacarrier 
520 3 |a Príďte si vychutnať tú najlepšiu kávu s príchuťou lásky 
650 0 4 |a Beletrie 
650 0 4 |a Milostné romány 
856 4 0 |u https://www.bookport.cz/AccountSaml/SignIn/?idp=https://shibboleth.utb.cz/idp/shibboleth&returnUrl=/kniha/kaviaren-pumpkin-spice-14018/  |y Dostupné v BOOKPORT po přihlášení pomocí eduID